| 000 | 00668nam a2200241Ia 4500 | ||
|---|---|---|---|
| 003 | OSt | ||
| 005 | 20221007064351.0 | ||
| 006 | a|||||r|||| 00| 0 | ||
| 007 | ta | ||
| 008 | 221006b |||||||| |||| 00| 0 eng d | ||
| 024 | _a43,117 | ||
| 037 | _cTextual | ||
| 040 |
_aFLL _cFLL _beng |
||
| 041 |
_2eng _aeng |
||
| 082 | _aZ2,11, Q1 | ||
| 100 |
_aAdil M.S. _9685701 |
||
| 245 | 0 | _aLegal and social ramification of Live-in-relationship in India | |
| 260 |
_aDelhi _bCapital law house India _c2011 |
||
| 300 |
_a290 xii _ccm. |
||
| 700 |
_a Raheja R. _9685702 |
||
| 942 |
_hZ2,11, Q1 _cTEXL _2CC |
||
| 999 |
_c1133813 _d1133813 |
||